000
00303nam a2200133Ia 4500
003
OSt
008
191201s2000 xx 000 0 und d
100
_a
LYNCH, Peter
245
0
_a
One Up on Wall Street
260
_a
N. Delhi
_b
Simon & Schuster
_c
2000
300
_a
304
650
_a
NCFM
942
_2
ddc
_c
BK
999
_c
6674
_d
6674